00394 2200145 4500001002100000005001500021035002000036245009200056100001800148300001200166260003600178082000800214084001400222990001200236INLIS00000000000186020250515093103 a0010-05250001521 aBimbingan Belajar :bIPS, IPA, PKN, Bahasa Indonesia, Matematika /cTrifia Astuti, S.Pd0 aTrifia Astuti a128 hlm aJakarta :bGrandMedia Indonesia a370 a370 TRI b a0754820